000 00318nam a22001217a 4500
008 241110b |||||||| |||| 00| 0 eng d
022 _a09725784
041 _aEng
245 _aIndian Journal of Economics and Business
260 _aNew Delhi
_bSerials Publications Pvt. Ltd.
_c2024
300 _a141 p
942 _cSR
_s1
999 _c43140
_d43140